Environmental science in building (Record no. 8104)

000 -LEADER
fixed length control field 00400nam a22001577a 4500
003 - CONTROL NUMBER IDENTIFIER
control field OSt
005 - DATE AND TIME OF LATEST TRANSACTION
control field 20200803172456.0
008 - FIXED-LENGTH DATA ELEMENTS--GENERAL INFORMATION
fixed length control field 200803b ||||| |||| 00| 0 eng d
020 ## - INTERNATIONAL STANDARD BOOK NUMBER
International Standard Book Number 9780230525368
082 ## - DEWEY DECIMAL CLASSIFICATION NUMBER
Classification number 696
Item number MCM
100 ## - MAIN ENTRY--PERSONAL NAME
Personal name McMullan, Randall
245 ## - TITLE STATEMENT
Title Environmental science in building
250 ## - EDITION STATEMENT
Edition statement Rev Ed edition
260 ## - PUBLICATION, DISTRIBUTION, ETC. (IMPRINT)
Place of publication, distribution, etc New York
Name of publisher, distributor, etc Palgrave Macmillan
Date of publication, distribution, etc May 5, 1989
942 ## - ADDED ENTRY ELEMENTS (KOHA)
Source of classification or shelving scheme
Holdings
Withdrawn status Lost status Source of classification or shelving scheme Damaged status Koha normalized classification for sorting Not for loan Permanent location Current location Date acquired Full call number Barcode Date last seen Price effective from Koha item type
        696_000000000000000_MCM   BMS College of Architecture, Design and Planning BMS College of Architecture, Design and Planning 2020-08-03 696 MCM AR-RD56 2020-08-03 2020-08-03 R&D Books
Copyright © 2025, The Librarian, Library and Information Centre, BMSCA D&P, Bengaluru. All Rights Reserved
web counter

Powered by Koha